000 00822nam a2200277Ia 4500
001 Para_3954
003 CHAP
008 220125s1965 xx 000 0 und d
010 _a202476
040 _cCHAP
090 _aPA FOLLETO 1349
100 _aYoung, David
_9123210
245 _aFruitworm not likely to become cotton pest /
_c David Young, and J. R. Brazzel
260 _aState College, Miss :
_b Mississippi State University
300 _a1 p.
440 _aMississippi Agr. Exp. Sta. Information sheet; 892
_9167702
650 _aHeliothis Algodón
_x Plagas
_9167703
700 _aBrazzel, J. R.
_915178
901 _aPA FOLLETO 1349
902 _aA
905 _a0000001965 STA 0000000000 00
910 _a1965
942 _cPARA
942 _cPARA
_d1
999 _c202476
_d202476